Statistics for Which Country Did You Cross?

Click here to take the quiz!

General Stats

  • This quiz has been taken 638 times
    (613 since last reset)
  • The average score is 26 of 30

Answer Stats

Started In...Went through...Now In...% Correct
ChileArgentinaUruguay
98%
BoliviaPeruEcuador
97%
PeruBolivia/BrazilParaguay
95%
CanadaUnited StatesMexico
95%
United StatesMexicoBelize
94%
FranceAndorraSpain
91%
ColombiaBrazilGuyana
91%
EcuadorColombiaVenezuela
91%
RussiaChinaLaos
90%
ColombiaPanamaCosta Rica
90%
NorwayRussiaGeorgia
90%
QatarSaudi ArabiaYemen
90%
SwitzerlandLiechtenstein/ GermanyAustria
89%
Costa RicaNicaraguaHonduras
89%
IranPakistanIndia
89%
El SalvadorGuatemalaMexico
88%
IndiaMyanmarThailand
88%
MacedoniaSerbia/ BulgariaRomania
88%
Czech RepublicSlovakiaUkraine
87%
TunisiaAlgeriaMauritania
86%
IraqJordanIsrael
86%
EritreaDjibouti/ EthiopiaSomalia
84%
MozambiqueSouth AfricaLesotho
84%
NorwayRussiaNorth Korea
83%
AlbaniaGreeceTurkey
80%
NicaraguaHondurasEl Salvador
78%
ColombiaEcuadorPeru
75%
NamibiaZambiaMalawi
70%
Côte d'IvoireBurkina FasoBenin
59%
Republic of the CongoDemocratic Republic of the CongoRwanda
58%

Score Distribution

Percentile by Number Answered

Percent of People with Each Score

Your Score History

You have not taken this quiz since the last reset